The training of the twelve. (Record no. 5105)

000 -LEADER
fixed length control field 00614nam a2200205 a 4500
001 - CONTROL NUMBER
control field :::00002846$&:&@@
003 - CONTROL NUMBER IDENTIFIER
control field OkBaRHE
005 - DATE AND TIME OF LATEST TRANSACTION
control field 20100401122150.0
008 - FIXED-LENGTH DATA ELEMENTS--GENERAL INFORMATION
fixed length control field s1984 j 000 0 eng u
020 ## - INTERNATIONAL STANDARD BOOK NUMBER
International Standard Book Number 082542212X
040 ## - CATALOGING SOURCE
Transcribing agency
100 1# - MAIN ENTRY--PERSONAL NAME
Personal name Bruce, Alexander Balmain, 1831-1899.
245 14 - TITLE STATEMENT
Title The training of the twelve.
260 ## - PUBLICATION, DISTRIBUTION, ETC. (IMPRINT)
Place of publication, distribution, etc Grand Rapids, MI., :
Name of publisher, distributor, etc Kregel Publications
Date of publication, distribution, etc 1984
300 ## - PHYSICAL DESCRIPTION
Extent 552 p. ;
Dimensions 23 cm.
490 0# - SERIES STATEMENT
Series statement Kregel reprint library
650 ## - SUBJECT ADDED ENTRY--TOPICAL TERM
Topical term or geographic name as entry element Apostles
942 ## - ADDED ENTRY ELEMENTS (KOHA)
Source of classification or shelving scheme
Koha item type Books
Copies
Damaged status Withdrawn status Copy number Koha item type Date acquired Lost status Permanent Location Not for loan Price effective from Barcode Full call number Source of classification or shelving scheme Shelving location Date last seen
  1Books2010-04-14 RHEMA Bible Training College 2010-04-142846BS 2440 .B7 General Stacks2018-03-16